000
00326nam a2200133Ia 4500
005
20260328104317.0
008
260328s9999||||xx |||||||||||||| ||und||
100
_a
Dillon, Patrick
245
4
_a
The Story of Buildings /
_c
Patrick Dillon
260
_b
Candlewick
300
_a
95 p.
650
_a
Dillon, Patrik
942
_c
BK
999
_c
11216
_d
11216